|
|
|
|
| LEADER |
00000nab a2200000ua 4500 |
| 001 |
vtls010831550 |
| 003 |
SK-MaSNL |
| 005 |
20260305001458.0 |
| 008 |
230222s1993 xo |||||||||||||||||eng| |
| 035 |
|
|
|a (urnnbn)urn:nbn:sk:snk:ar-a06jcs
|
| 035 |
|
|
|a urn:nbn:sk:snk-ab5wes
|
| 035 |
|
|
|a (uuid)82fde1b7-20b2-44ba-8e00-744358428d7c
|
| 040 |
|
|
|a SNKBUCL
|b slo
|c SNKBUCL
|e AACR2
|
| 041 |
0 |
|
|a eng
|
| 044 |
|
|
|a xo
|c SK
|
| 100 |
1 |
|
|a Sakalová, Adriena,
|d 1930-2020
|4 aut
|9 253028
|
| 245 |
1 |
0 |
|a Prognostic value of plasma-cell immunophenotype in patients with multiple myeloma
|c A. Sakalová, D. Holomáňová, M. Mikulecký, M. Mistrík, M. Šteruská, T. Lipšic
|
| 700 |
1 |
|
|a Holomáňová, Dagmar,
|d 1946-
|4 aut
|9 202773
|
| 700 |
1 |
|
|a Mikulecký, Miroslav,
|d 1927-2015
|4 aut
|9 218286
|
| 700 |
1 |
|
|a Mistrík, Martin,
|d 1951-
|4 aut
|9 10255
|
| 700 |
1 |
|
|a Šteruská, Maja,
|d 1933-2021
|4 aut
|9 220246
|
| 700 |
1 |
|
|a Lipšic, T.
|4 aut
|9 797632
|
| 773 |
0 |
|
|t Neoplasma : journal of experimental and clinical oncology
|g Roč. 40, č. 6 (1993), s. 351-354
|
| 958 |
|
|
|a OND
|
| 958 |
|
|
|a EUIPO
|
| 958 |
|
|
|a article5
|
| 999 |
|
|
|c 3219639
|d 3221569
|